| 000 | 01397cad a22002775a 4500 | ||
|---|---|---|---|
| 001 | E147577 | ||
| 008 | 090526s2009 xxk f 000 0 eng d | ||
| 020 | _a9781842194669 | ||
| 035 | _a(Sirsi) u147577 | ||
| 041 | 0 | _aeng | |
| 050 | 0 | 4 | _a174.30994 $2 22 |
| 100 | 1 |
_aPlimmer, Frances _cDr |
|
| 245 | 0 | 0 |
_aEthics for surveyors, an educational dimension _bcommercial real estate practice and professional ethics _h[electronic resource] |
| 260 |
_aLondon _bRICS _c2009 |
||
| 490 | 0 | _aRICS Research | |
| 505 | 2 | _aExecutive summary -- Introduction -- Surveying ethics, normas, values and culture -- Surveying ethics in education -- Ethics in commercial real estate practice -- Conclusions -- References | |
| 520 | _aPresents the results of research into professional ethics within multidisciplinary commercial real estate practices. The study focussed in particular on potential conflict between agency and professional services, and looked at the ways in which large firms deal with ethical dilemmas. | ||
| 521 | _aAdvanced | ||
| 590 | _aKA | ||
| 651 | 4 |
_aUnited Kingdom _y |
|
| 690 | _aMANAGEMENT-BUSINESS MANAGEMENT-PROFESSIONAL PRACTICE-PROFESSIONAL ETHICS | ||
| 700 | 1 | _aEdwards, Gethin | |
| 700 | 1 | _aPottinger, Gaye | |
| 856 | 4 | 0 |
_uhttps://www.rics.org/Global/Downloads/EthicsSurveyorsEducationalDimension200905.pdf _zView the research free of charge at www.rics.org... |
| 942 | _n0 | ||
| 999 |
_c109629 _d109629 |
||